| 000 | 00588nam a22002057a 4500 | ||
|---|---|---|---|
| 005 | 20240802121258.0 | ||
| 008 | 240802b |||||||| |||| 00| 0 eng d | ||
| 020 | _a9788181477361 | ||
| 082 |
_a621.31 _bKUF-H |
||
| 100 | _aKuffel, E. | ||
| 245 |
_aHigh Voltage Engineering : _bfundamentals/ _cby E. Kuffel, W. S. Zaengl and J. Kuffel |
||
| 250 | _a2nd ed. | ||
| 260 |
_aIndia : _bElsevier ; _c2005 . |
||
| 300 |
_axiii, 539 p. : _bill ; _c23 cm. |
||
| 500 | _aInclude Index. | ||
| 650 | _aElectrical/ Engineering | ||
| 700 | _aZaengl, W. S. | ||
| 700 | _aKuffel, J. | ||
| 999 |
_c36271 _d36271 |
||